Riziková budoucnost: devět scénářů vývoje české společnosti
Guardado en:
| Formato: | Libro |
|---|---|
| Lenguaje: | checo |
| Publicado: |
Praha
Matfyzpress
2010
|
| Materias: | |
| Etiquetas: |
Sin Etiquetas, Sea el primero en etiquetar este registro!
|
MARC
| LEADER | 00000nam$a2200000$$$4500 | ||
|---|---|---|---|
| 001 | 0112510 | ||
| 005 | 20231215113222.3 | ||
| 020 | |a 978-80-7378-110-1 | ||
| 041 | 0 | |a cze | |
| 044 | |a CZ | ||
| 245 | 1 | 0 | |a Riziková budoucnost: devět scénářů vývoje české společnosti |
| 264 | 1 | |a Praha |b Matfyzpress |c 2010 | |
| 300 | |a 93 s. | ||
| 610 | 2 | 0 | |a vývoj spoločenský |
| 610 | 2 | 0 | |a trh práce |
| 610 | 2 | 0 | |a vzdelanie |
| 610 | 2 | 0 | |a Česko |